书目信息 |
| 题名: |
中国司机地图册
|
|
| 作者: | ;湖南地图出版社 编制 | |
| 分册: | ||
| 出版信息: | 长沙 湖南省地图出版社 2002.08 |
|
| 页数: | 143页 | |
| 开本: | 21cm | |
| 丛书名: | ||
| 单 册: | ||
| 中图分类: | F512.99 | |
| 科图分类: | ||
| 主题词: | 交通图--jiao tong tu--中国 | |
| 电子资源: | ||
| ISBN: | 7-80552-345-2 | |
| 000 | 00774nam0 2200217 450 | |
| 001 | 012006800484 | |
| 005 | 20060914103251.34 | |
| 010 | @a7-80552-345-2@dCNY15.00 | |
| 100 | @a20060716d2002 km y0chiy0120 ea | |
| 101 | 0 | @achi |
| 102 | @aCN@b430000 | |
| 105 | @ab z 000yy | |
| 200 | 1 | @a中国司机地图册@Azhong guo si ji di tu ce@f湖南地图出版社编制@Fhu nan di tu chu ban she bian zhi |
| 210 | @a长沙@c湖南省地图出版社@d2002.08 | |
| 215 | @a143页@c地图@d21cm | |
| 330 | @a本书是中国交通地图册。全面的介绍乐我国的高速公路、国道、省道公路网络以及城市主干道、城市过境线、禁行线等。 | |
| 606 | 0 | @a交通图@Ajiao tong tu@y中国 |
| 690 | @aF512.99@v4 | |
| 711 | 02 | @a湖南地图出版社@Ahu nan di tu chu ban she@4编制 |
| 801 | 0 | @aCN@bQSSK@c20060914 |
| 905 | @apdsgxy@dF512.99@eH586 | |
| 中国司机地图册/湖南地图出版社编制.-长沙:湖南省地图出版社,2002.08 |
| 143页:地图;21cm |
| ISBN 7-80552-345-2:CNY15.00 |
| 本书是中国交通地图册。全面的介绍乐我国的高速公路、国道、省道公路网络以及城市主干道、城市过境线、禁行线等。 |
| ● |
| 相关链接 |
|
|
|
正题名:中国司机地图册
索取号:F512.99/H586
 
预约/预借
| 序号 | 登录号 | 条形码 | 馆藏地/架位号 | 状态 | 备注 |
| 1 | 596233 | 205962332 | 社科二线422/422社科库 37排2列2层/ [索取号:F512.99/H586] | 在馆 | |
| 2 | 596234 | 205962341 | 社科库409/400B社科库 2排4列5层/ [索取号:F512.99/H586] | 在馆 | |
| 3 | 596235 | 205962350 | 社科库409/409社科库 37排7列2层/ [索取号:F512.99/H586] | 在馆 |